01417cam a2200301u 450000100060000000300080000600500170001400800390003103500190007004000240008904100080011308200340012110000330015511000600018824502090024825000120045726000420046930000300051165000610054165000530060270000670065570000720072274000220079494200120081699900170082895201350084595201350098046003BD-RjUL20211209054109.0160730s1952 ii k 000 0 eng a(BD-RjUL)46121 aDLCcCarPdDLCbeng aeng 220a324.941360859 bCHN 1952  aDas, Girish Chandra 91406571 aIndia.kLaws, statutes, etc. [from old catalog]913808804aThe Negotiable instruments act (Act XXVI of 1881) :bwith introduction, full commentaries, English and Indian cases noted up-to-date, and appendices including the Reserve bank act / c Girish Chandra Das  a2nd ed. aCalcutta :bEastern law house,c1952  a471 p. :bill. ; c25 cm. 0aNegotiable instrumentszIndia. [from old catalog]913306 0aReserve bank of India. [from old catalog]9242291 aBhashyam, Krishamachari,d1882- [from old catalog]eed.9242301 aAdiga, Kakkunje Yegnanarayana, [from old catalog]ejoint ed.9242310 aReserve bank act. 2ddccBK c46003d46003 00102ddc40708NFICaRUCLbRUCLcStackd1955-01-31eU.B.D.l0o324.941360859 CHN 1952r2016-07-30 00:00:00tC-2w2016-07-30yBK 00102ddc40708NFICaRUCLbRUCLcStackd1955-01-31eU.B.D.l0o324.941360859 CHN 1952r2016-08-03 00:00:00tC-3w2016-08-03yBK